Emigraciones, inmigracion y colonizacion (Record no. 168103)

MARC details
000 -LEADER
campo de control de longitud fija 01482nam a2200253 i 4500
001 - NÚMERO DE CONTROL
campo de control 168103
003 - IDENTIFICADOR DE NÚMERO DE CONTROL
campo de control ES-MaACL
005 - FECHA Y HORA DE LA ÚLTIMA TRANSACCIÓN
campo de control 20250814075248.0
008 - DATOS DE LONGITUD FIJA--INFORMACIÓN GENERAL
campo de control de longitud fija 991022s1884 sp |||| | spa d
040 ## - FUENTE DE CATALOGACIÓN
Centro catalogador/agencia de origen CCPB | B
Lengua de catalogación spa
Centro/agencia transcriptor CCPB | B
100 1# - ENTRADA PRINCIPAL--NOMBRE DE PERSONA
Nombre de persona Zafra, Diego José Rodríguez de Bahamonde Lanz
Títulos y otros términos asociados al nombre Marqués de.
9 (RLIN) 134009
245 10 - MENCIÓN DEL TÍTULO
Título Emigraciones, inmigracion y colonizacion
Resto del título : discurso y conclusiones del Marqués de Zafra en el Congreso Español de Geografia Colonial y Mercantil (Sesiones de 9 y 10 de Noviembre de 1883) /
Mención de responsabilidad, etc. precedidos de un prólogo y de un llamamiento patriótico por Diego José Rodríguez de Bahamonde, Lanz, Jaime de Aragón y Palacio, Marqués de Zafra.
260 ## - PUBLICACIÓN, DISTRIBUCIÓN, ETC.
Lugar de publicación, distribución, etc. Madrid :
Nombre del editor, distribuidor, etc. [s.n.],
Fecha de publicación, distribución, etc. 1884 (
Fabricante imprenta de Fortanet)
300 ## - DESCRIPCIÓN FÍSICA
Extensión 44 p. ;
Dimensiones 27 cm.
530 ## - NOTA DISPONIBLE DE FORMULARIO FÍSICO ADICIONAL
Nota de formato físico adicional disponible Disponible también en sitio web.
611 2# - PUNTO DE ACCESO ADICIONAL DE MATERIA--NOMBRE DE REUNIÓN/CONGRESO
Nombre de congreso/reunión o jurisdicción como elemento de entrada Congreso Español de Geografía Colonial y Mercantil
Número del congreso/reunión o número de parte o sección (1º.
Fecha del congreso o de la firma del tratado 1883.
Sede del congreso/Lugar de la reunión Madrid)
9 (RLIN) 241770
650 04 - PUNTO DE ACCESO ADICIONAL DE MATERIA--TÉRMINO DE MATERIA
Término de materia o nombre geográfico como elemento de entrada Emigración e inmigración-
Subdivisión geográfica España.
9 (RLIN) 12187
711 2# - ENTRADA AGREGADA--NOMBRE DE REUNIÓN
Nombre de congreso/reunión o jurisdicción como elemento de entrada
9 (RLIN) 241769
852 ## - LOCALIZACIÓN
Ubicación ES-MaACL
Número de control de estantería T-781-F-5
Nota libre -- Enc. hol. conservando la cub. original
-- -- Enc. en un vol. facticio
852 ## - LOCALIZACIÓN
Ubicación ES-MaACL
Número de control de estantería T-508-F-14
Nota libre -- Enc. hol. conservando la cub. original
-- -- Dedic. ms. del autor al Ateneo de Madrid
-- -- Enc. en un vol. facticio
856 ## - LOCALIZACIÓN Y ACCESO ELECTRÓNICOS
Identificador Uniforme de Recursos <a href="http://bibliotecadigitalhispanica.bne.es:80/webclient/DeliveryManager?pid=3041049&custom_att_2=simple_viewer">http://bibliotecadigitalhispanica.bne.es:80/webclient/DeliveryManager?pid=3041049&custom_att_2=simple_viewer</a>
Nota pública Ir a la página
942 ## - ELEMENTOS DE ENTRADA SECUNDARIOS (KOHA)
Fuente del sistema de clasificación o colocación Clasificación decimal universal
Holdings
Estatus retirado Estado de pérdida Estado de daño No para préstamo Colección Biblioteca de origen Biblioteca actual Ubicación en estantería Fecha de adquisición Total de préstamos Signatura topográfica completa Código de barras Visto por última vez Precio de reemplazo Tipo de ítem Koha
        Colección de folletos Biblioteca del Ateneo de Madrid Biblioteca del Ateneo de Madrid Depósito folletos 17/01/2008   T-508-F-14 1176382 23/02/2023 23/02/2023 Folleto
        Colección de folletos Biblioteca del Ateneo de Madrid Biblioteca del Ateneo de Madrid Depósito folletos 17/01/2008   T-781-F-5 1176381 23/02/2023 23/02/2023 Folleto